| 000 | 00763cam a2200193 4500 | ||
|---|---|---|---|
| 001 | |||
| 008 | 030317n2000 000 0 eng u | ||
| 020 | _a0117535605 | ||
| 035 | _a(Sirsi) u121645 | ||
| 050 |
_a692.2 _c18 |
||
| 110 |
_aDepartment for Environment, Transport and the Regions _94203 |
||
| 245 | _aBuilding Regulations 2000 : amendments 2000 to the approved documents | ||
| 260 |
_aNorwich _bTSO _c2000 |
||
| 520 | _aComing into effect 1 January 2000. View at www.safety.odpm.gov.uk. Not found when searched for online 28/11/11. | ||
| 650 | _aBUILDING REGULATIONS 2000 | ||
| 690 | _aBUILT ENVIRONMENT-BUILDING STANDARDS | ||
| 856 |
_uhttps://www.safety.odpm.gov.uk/bregs/brad01.htm _vView the Approved Document on the ODPM website... |
||
| 942 | _n0 | ||
| 999 |
_c102692 _d102692 |
||